000 00766nam a2200229Ia 4500
999 _c65321
_d65321
005 20240530110818.0
008 140319s2001 au a f b 000 0 ara d
017 _bمصر. دار الكتب
040 _aGCL /
_cGCL
082 0 4 _221
_a723.3 /
_bج م
100 0 _aجمعة احمد قاجة
245 1 2 _aموسوعة فن العمارة الاسلامية /
_cجمعة احمد قاجة
250 _aط.1
260 _aالقاهرة :
_bالمؤلف،
_c2001
300 _a686 ص. :
_bايض. ؛
_c30 سم.
650 0 7 _aالفن الاسلامى
_2qrmak
650 0 7 _aالعمارة الاسلامية
_2qrmak
650 0 7 _aالفن الحديث
_2qrmak
651 _2qrmak
942 _2ddc
_cBK